Citrus fruit (notice nᵒ 22414)
[ vue normale ]
| 000 -LEADER | |
|---|---|
| fixed length control field | 00533nam a2200181zi 4500 |
| 005 - DATE AND TIME OF LATEST TRANSACTION | |
| control field | 20171109042504.0 |
| 020 ## - ISBN | |
| ISBN | 978-0-12-374130-1 |
| 037 ## - SOURCE D'ACQUISITION | |
| Cote | BC_680 43 |
| Forme de support | Autres |
| 040 ## - SOURCE DU CATALOGAGE | |
| Origine cataloguage | BC-ENSA |
| Langue du catalogage | fre |
| 041 ## - CODE DE LANGUE | |
| Langue | Anglais |
| 100 ## - VEDETTE PRINCIPALE - AUTEUR PRINCIPAL | |
| Auteur | LADANIYA, Milind S. |
| 245 ## - MENTION DU TITRE | |
| Titre | Citrus fruit |
| Complément de titre | biology technology and evaluation |
| 260 ## - PUBLICATION, DIFFUSION, ETC. (ADRESSE BIBLIOGRAPHIQUE) | |
| Nom de l'éditeur | Elsevier |
| Lieu d'édition | Amesterdam |
| Année d'édition | 2008 |
| 300 ## - DESCRIPTION MATÉRIELLE | |
| Nombre de pages | 558 p. |
| Illustration | ill. |
| Format | 24 cm |
| 562 ## - NOTE D'IDENTIFICATION DES EXEMPLAIRES ET VERSIONS | |
| Numbre d' exemplaire | 01 exemplaire |
| 942 ## - ADDED ENTRY ELEMENTS (KOHA) | |
| Type document | Ouvrage |
| 653 ## - DESCRIPTEUR LIBRE | |
| Mots clés libres | CITRUS/FRUIT/BIOLOGIE/TECHNOLOGIE/TECHNOLOGIE ALIMENTAIRE/EVALUATION |
| statut de retrait | Statut | emplacement permanent | Localisation actuelle | Cote | code à barre | Koha type d'élément |
|---|---|---|---|---|---|---|
| Bibliothèque Centrale | Bibliothèque Centrale | BC_680 43 | BC_680 43 | Ouvrage |